000 00977nam a2200229 i 4500
001 121101
003 ES-MaACL
005 20250909175449.0
007 t|
008 070214s1986 sp r ||||1| spa d
100 1 _aPrescott, William Hickling,
_d1796-1859
_9131353
245 1 0 _aHistoria de la conquista del Perú /
_cWilliam H. Prescott ; versión íntegra de la traducción de Nemesio Fernández Cuesta ; presentación por José M. Gómez Tabanera...
260 _aMadrid :
_bIstmo,
_c1986.
300 _a642 p., 8 h. de lám. ;
_c21 cm.
490 1 _aColegio universitario (Istmo). Mundus novus ;
_v2
651 4 _aPerú-
_xHistoria-
_yDescubrimiento y conquista, 1522-1548.
_99226
700 1 _aFernández Cuesta, Nemesio,
_d1818-1893
_949614
700 0 _aGómez-Tabanera, José Manuel,
_d1926-2011
_958165
830 0 _aColegio universitario (Istmo). Mundus novus ;
_v2
_9186497
852 _aES-MaACL
_jL-11760
_bR.113377
999 _c121101
_d121101